| 000 | 00631nab a2200241 a 4500 | ||
|---|---|---|---|
| 005 | 20230331084500.0 | ||
| 008 | 991125s1985 mx 000 0 spa u | ||
| 035 | _aUPN01000194331 | ||
| 040 |
_aUPN _bspa _cUPN |
||
| 100 | 1 |
_aPérez-Ruiz, Maya Lorena _944145 |
|
| 100 | 1 | _umayaluum@gmail.com | |
| 222 | _aALTERIDADES | ||
| 245 | _aRetos para la investigación de los jóvenes indígenas | ||
| 260 | _aMéxico | ||
| 300 | _a65-75 | ||
| 362 | 0 | _a2011 Año 21, no. 42. jul.-dic. | |
| 653 | 0 | _aJOVENES | |
| 653 | 0 | _aINDIGENAS | |
| 653 | 0 | _aMAYAS | |
| 653 | 0 | _aYUCATAN, MEXICO | |
| 905 | _aArticulo | ||
| 942 |
_2lcc _cART |
||
| 999 |
_c166432 _d166432 |
||